| 000 | 00412cam a22001451 4500 | ||
|---|---|---|---|
| 082 |
_a510.2462 _bGAS _cL-2, P-30 |
||
| 100 | 1 |
_aGasson, J.D.N _939039 |
|
| 245 | 1 | 0 | _aMathematics for technical students. |
| 260 |
_aCambridge (Eng.) _bUniversity Press, _c1951. |
||
| 300 |
_a427p.: _billus. _c23 cm. |
||
| 526 |
_a0 _b0 _c0 _d510_246200000000000_GAS |
||
| 650 | 0 | _aMathematics. | |
| 650 | 0 |
_aMCE _9379 |
|
| 942 |
_2ddc _cBK |
||
| 999 |
_c543615 _d543615 |
||